| 000 | 00561nam a2200181 4500 | ||
|---|---|---|---|
| 001 | 136518 | ||
| 003 | ES-MaACL | ||
| 005 | 20230906195144.0 | ||
| 007 | t| | ||
| 008 | 070214s1968 sp r ||||1| spa d | ||
| 100 | 1 |
_aSáenz Martínez, Jesús. _9101332 |
|
| 245 | 1 | 3 |
_aEl de la capa blanca _b: (San Juan de la Cruz) / _cJesús Sènz Martínez. |
| 260 |
_aBilbao : _b[s.n.], _c1968 ( _fGráf. Ellacuria) |
||
| 300 |
_a63 p. ; _c19 cm. |
||
| 852 |
_aES-MaACL _jC-51575 _bR.72333 |
||
| 852 |
_aES-MaACL _jE-7903 _bR.92426 |
||
| 852 |
_aES-MaACL _jE-7904 _bR.92427 |
||
| 999 |
_c136518 _d136518 |
||